Statistiques concernant Principal pays producteur par aliment

Cliquez ici pour prendre le quiz!

Statistiques générales

  • Ce quiz a été pris 589 fois
  • Le résultat moyen est 40 sur 50

Statistiques - réponses

Pays% Correct
1France
99%
5France
99%
5France
99%
4Chine
98%
3Chine
98%
5Chine
98%
1Chine
98%
1Chine
98%
3États-Unis
95%
2États-Unis
95%
1États-Unis
95%
3États-Unis
95%
2Italie
95%
2Italie
95%
1Espagne
94%
4Espagne
94%
1Brésil
92%
1Brésil
92%
5Brésil
92%
1Brésil
92%
2Brésil
92%
1Inde
87%
2Inde
87%
4Inde
87%
2Inde
87%
2Inde
87%
2Inde
87%
4Russie
87%
4Russie
87%
3Allemagne
83%
5Argentine
81%
3Mexique
78%
5Mexique
78%
3Grèce
76%
3Colombie
73%
5Viêt Nam
71%
2Viêt Nam
71%
2Indonésie
69%
4Indonésie
69%
3Indonésie
69%
4Thailande
63%
4Turquie
63%
1Côte d'Ivoire
46%
5Tunisie
45%
4Nigeria
44%
5Pakistan
43%
3Équateur
42%
4Bangladesh
39%
5Philippines
33%
3Ghana
29%

Distribution des résultats

Percentile par nombre de réponses

% des personnes avec chaque résultat

Votre développement - résultats

Vous n’avez pas pris ce quiz